Rosyjskie imiona męskie - Statystyki

Ogólne statystyki
  • Ten quiz został rozwiązany 173 razy
  • Średni wynik to 17 z 51
Statystyki odpowiedzi
Hint Odpowiedź % Poprawnych
A Aleksandr
74%
W Vladimir
74%
I Ivan
63%
M Michaił
62%
P Pyotr
57%
A Andriey
56%
P Pavel
54%
I Igor
51%
D Dmitriy
50%
N Nikita
50%
S Sergey
50%
Ju/Yu Yuriy
50%
N Nikolay
47%
F Fyodor
45%
B Boris
43%
A Anton
41%
A Aleksey
40%
O Oleg
39%
K Kiril
36%
R Roman
36%
D Danil
35%
S Stanislav
35%
G Georgiy
34%
A Anatoliy
32%
J/Y Yevgeniy
32%
D Denis
31%
K Konstantin
31%
L Leonid
30%
W/V Viktor
30%
W/V Vasiliy
29%
L Lev
28%
M Matvey
27%
I Ilya
26%
M Maxim
26%
А Artyom
22%
R Ruslan
19%
E/y Yegor
19%
S Stefan
18%
F Filipp
17%
W/V Vyacheslav
17%
J/Y Jaroslav
15%
W/V Vadim
15%
T Timur
14%
W/V Vitaliy
14%
M Miroslav
13%
Z Zakhar
12%
G Gleb
11%
S Siemion
10%
A Arseniy
7%
I Ignatiy
7%
M Miron
4%
Nie znaleziono quizów pasujących do podanych kryteriów
Rozkład punktacji
Procent ludzi z każdym wynikiem
Percentyl według liczby udzielonych odpowiedzi
Twoja historia wyników
Nie rozwiązałeś tego quizu